12 tipov na manažment rady manažérom a lídrom

Bibliographic Details
Main Author: Casson, Herbert Newton, 1869-1951 (Author)
Other Authors: Kochelková, Wanda, 1930- (Translator)
Format: Book
Language:Slovak
English
PhysicalDescription:72 s. 19 cm
Published: Žilina Ajfa+avis 1995
ISBN:8088813042
Edition:1. vyd.
Series:Tajomstvo vyšších ziskov
Subjects:

MARC

LEADER 00000cam a2200000 a 4500
001 vtls001137083
003 SK-MaSNL
005 20260301111811.0
008 251029s1995 xo 0000p slo
015 |a SNBA1996/0300835 
020 |a 8088813042  |q (brož.) 
035 |a SNK000079936 
035 |a urn:nbn:sk:snk-amjbk0 
035 |a urn:nbn:sk:snk-am003oyr 
035 |a 295A2AA8-19C9-4C18-99DF-2D903FDAF571 
040 |a SNK  |b slo  |c SNK  |e AACR2 
041 1 |a slo  |h eng 
044 |a xo  |c SK 
080 |a 65.012.4(035)  |2 1981 
100 1 |a Casson, Herbert Newton,  |d 1869-1951  |4 aut  |9 41271 
245 1 0 |a 12 tipov na manažment  |b rady manažérom a lídrom  |c Herbert N. Casson ; [prel. Wanda Kochelková] 
246 3 |a Dvanásť tipov na manažment 
250 |a 1. vyd. 
260 |a Žilina  |b Ajfa+avis  |c 1995 
300 |a 72 s.  |c 19 cm 
490 1 |a Tajomstvo vyšších ziskov  |v 7 
500 |a Pravdepodobne prel. z angl. 
650 0 7 |a manažment  |2 SNKPH  |9 922 
655 7 |a príručky  |2 SNKPH  |9 74364 
700 1 |a Kochelková, Wanda,  |d 1930-  |4 trl  |9 38266 
830 0 |a Tajomstvo vyšších ziskov  |9 281022 
919 |a 80-88813-04-2 
958 |a TL 
958 |a NS 
958 |a GB 
958 |a OP 
968 |a SLO  |b ENG 
999 |c 708431  |d 710361 
952 |t P60, <09>, [BOOK], {629}  |a SNK  |b SNK  |y NEVYP  |7 0  |o snkD 42  |i snk407/960123  |0 0  |1 0  |4 0  |d 1996-01-22  |l 0  |r 2005-01-01 00:00:00  |w 2026-02-23 
952 |t P60, <03>, [BOOK], {603}  |a SNK  |b SNK  |y PREZ  |7 0  |p 17A0002736  |o snkSD 67596  |i snkKSP 957/96  |0 0  |1 0  |4 0  |d 1996-01-22  |l 0  |r 2005-01-01 00:00:00  |w 2026-02-23 
952 |t P60, <04>, [BOOK], {604}  |a SNK  |b SNK  |y VYP  |7 0  |p 17A0004400  |o snkSD 67596 D1  |i snkKSP 958/96  |0 0  |1 0  |4 0  |d 1996-01-22  |f 1  |l 0  |r 2005-01-01 00:00:00  |w 2026-02-23